| 000 | 00935cam a2200241 4500 | ||
|---|---|---|---|
| 001 | L129431 | ||
| 008 | 050414n2003 000 0 eng u | ||
| 020 | _a1860816355 | ||
| 035 | _a(Sirsi) u129431 | ||
| 041 | _aeng | ||
| 050 |
_a693.9 _c18 |
||
| 100 | _aHalliwell, Sue | ||
| 245 |
_aFibre reinforced polymers in construction _bdurability |
||
| 260 |
_aWatford _bBRE _c2003 |
||
| 300 |
_a8p. _c30cm. |
||
| 350 | _a12 | ||
| 490 |
_aBRE Information Paper _vIP10/03 |
||
| 520 | _aProvides information on the performance in service of fibre reinforced polymers. Gives background to their application in construction, along with key issues relating to durability and performance in service. | ||
| 690 | _aBUILT ENVIRONMENT-BUILDING MATERIALS- PLASTICS, RUBBER, CHEMICAL AND SYNTHETICS-COMPOSITE PLASTICS | ||
| 710 | _aBuilding Research Establishment | ||
| 710 |
_aUnited Kingdom _bDepartment of Trade and Industry |
||
| 942 | _n0 | ||
| 999 |
_c104189 _d104189 |
||